MARC

LEADER 00000nam0a2200000 4500
001 172336
005 20231031164246.0
035 |a (RuTPU)RU\TPU\book\186887 
090 |a 172336 
100 |a 20091211d1978 m y0rusy50 ca 
101 0 |a rus 
102 |a RU 
105 |a a j 001zy 
200 1 |a Теория линейных электрических цепей  |e учебное пособие  |f Ю. Г. Толстов 
205 |a 2-е изд., перераб. и доп. 
210 |a Москва  |c Высшая школа  |d 1978 
215 |a 280 с.  |c ил. 
320 |a Библиогр.: с. 275. 
610 1 |a линейные электрические цепи 
610 1 |a теория 
610 1 |a методы расчета 
610 1 |a геометрия 
610 1 |a матричные уравнения 
610 1 |a четырехполюсники 
610 1 |a переходные процессы 
610 1 |a единичные функции 
610 1 |a двухполюсники 
610 1 |a синтез 
610 1 |a учебные пособия 
675 |a 621.3.011(075.8)  |v 3 
700 1 |a Толстов  |b Ю. Г.  |g Юрий Георгиевич 
801 1 |a RU  |b 63413507  |c 20091211 
801 2 |a RU  |b 63413507  |c 20220301  |g RCR 
942 |c BK